000 00672nam a22001937a 4500
999 _c166523
_d166523
005 20190726130618.0
010 _aUR-10294
020 _c250.00
_a9789388736145
035 _aU-8849
037 _bDBAD/PUB
082 _a808.08
100 _aشا ن بھا ر تی
245 _aشا ہد جميل : ذ کر و فکر
_cشا ن بھا ر تی
246 _bShahid Jameel : Zikr-o-Fikr (Urdu)
_aby Shan Bharti
260 _a Delhi
_bEducational Publishing House
_c2018 ء
270 _a3191,Vakil Street,Kucha Pandit Lal Kuan,
_bDelhi
_e110006
_k23216162
_l0091-1123211540
300 _a144 ص
_c22 Cm(Hb)
942 _2ddc
_cUR
_h808.08
_mش ا ہ